Statystyki dla Quiz o województwie opolskim

Kliknij tutaj aby rozwiązać quiz!

Ogólne statystyki

  • Ten quiz został rozwiązany 108 razy
  • Średni wynik to 10 z 15

Statystyki odpowiedzi

WskazówkaOdpowiedź% Poprawnych
Województwa granicząceśląskie
97%
Państwo granicząceCzechy
96%
Województwa graniczącedolnośląskie
96%
Siedziba rządówOpole
96%
Województwa graniczącełódzkie
94%
Województwa graniczącewielkopolskie
91%
Najdłuższa rzekaOdra
87%
Najbardziej ruchliwa droga
biegnąca przez województwo opolskie
A4
83%
Liczba powiatów11
68%
"Ottmachau" to dawna,
niemiecka nazwa tego miasta
Otmuchów
58%
Najbardziej wysunięty na północ
powiat
namysłowski
56%
Najbardziej zaludniony powiatnyski
41%
Najwyższe wzniesienieBiskupia Kopa
31%
WojewódaAdrian Czubak
9%
Ozimek jest _______ miastem
w województwie opolskim
Najgęściej
zaludnionym
0%

Rozkład punktacji

Percentyl według liczby udzielonych odpowiedzi

Procent ludzi z każdym wynikiem

Twoja historia wyników

Nie rozwiązałeś tego quizu